000 00395nam a22001457a 4500
005 20250709165217.0
008 250709b |||||||| |||| 00| 0 eng d
020 _a9780195105650
050 _aBT38
_b.17 MAR
100 _aGEORGE M. MARSDEN
245 _aTHE OUTRAGEOUS IDEA OF CHRISTIAN SCHOLARSHIP
260 _aNEW YORK
_bOXFORD UNIVERSITY PRESS
_cc1997
300 _a142p
942 _2lcc
_cBK
_n0
999 _c6897
_d6897